Statistiques concernant répliques de films

Cliquez ici pour prendre le quiz!

Statistiques générales

  • Ce quiz a été pris 1 324 fois
  • Le résultat moyen est 3 sur 11

Statistiques - réponses

HintRéponse% Correct
Alors...on attend pas Patrick?Camping
88%
T'es pas mouru l'âne, t'es pas mouru!Shrek
71%
- Je sais pas c'qui me retient de te casser la gueule - La trouille peut-être. - Ouais, ça doit être ça...Les bronzés font du ski
35%
Tu veux ma photo banane?Retour vers le futur
29%
Quand tu te mouches, t'as pas l'impression de serrer la main à un pote?Les visiteurs
22%
Tu ferais mieux de refaire faire la façade de ta femme plutôt que celle de ta maison!Les Tuche
21%
- On dit que t'as été mordu par un cobra royal! - C'est vrai, et après 5 jours d'une atroce agonie, le cobra est enfin mort!The Expendables 2
17%
- Ta gueule gros lard! - Je suis pas gros, j'ai une ossature lourde!South Park le film
15%
Quand est-ce que tu as perdu la tête? - C'était il y a trois mois, je me suis réveillé marié à un ananas... Hyper moche en plus!L'âge de glace 3
14%
- C'était terrible quand j'ai perdu mon grand-père. - Ah, il est mort comment? - 2ème Guerre Mondiale. - Il est mort au combat? - Nan, il skiait dans le Vermont, il est mort pendant la 2ème Guerre MondialeVery Bad Trip
7%
- Non, non pas le rouleau, pas le rouleau!Les seigneurs
1%

Distribution des résultats

Percentile par nombre de réponses

% des personnes avec chaque résultat

Votre développement - résultats

Vous n’avez pas pris ce quiz